000 01320nam a22002297a 4500
999 _c5296
_d5296
003 DO-SdBJH
005 20190327162541.0
008 190327b ||||| |||| 00| 0 spa d
020 _a9993476110
040 _aDO-SdBJH
_bspa
_cDO-SdBJH
082 _aRD868.4
_b B742a
100 _aBosch Gaviño, Juan Emilio,
_d1909-2001
245 _aArtículos y conferencias /
_cJuan Bosch.
250 _a5 edición
260 _aSanto Domingo :
_bAlfa y Omega,
_c2002
300 _a253 páginas ;
_b14.3 x 21.6 cm.
500 _aContiene índice
505 _a“En este volumen de las obras del profesor Bosch, aparecen cuatro conferencias que tratan temas tan diferentes como una exposición detallada de lo que es la inflación; otra que resume la historia de la fabricación del azúcar en la Rep. Dom.; otra, conferencia sobre el aniversario de muerte de Ulises Heureaux para rendir homenaje a la memoria de Ramón Cáceres. El autor presenta un panorama de la vida económica y política del país en los últimos años del siglo pasado, y una más, dedicada a la obra del escritor y novelista don Federico García Godoy."
600 _2Cáceres, Ramón,
_aGarcía Márquez, Gabriel,
_d1928-2014
_qCritica e Interpretación
650 _aInflación (Finanzas)
_vSociología Política
_xIndustria Azucarera
942 _2ddc
_cBK